Minst Gissade Länderna på JetPunk - Statistics

General Stats
  • This quiz has been taken 6 times
  • The average score is 9 of 20
Answer Stats
Gissade Land % Correct
19% Trinidad och Tobago
83%
18% Marshallöarna
67%
16% Nauru
67%
16% Palau
67%
15% Vanuatu
67%
16% Grenada
50%
15% Komorerna
50%
17% Mikronesiens Federerade Stater
50%
19% Östtimor
50%
19% Samoa
50%
16% Antigua och Barbuda
33%
20% Ekvatorialguinea
33%
17% Kiribati
33%
17% Saint Vincent och Grenadinerna
33%
17% Salomonöarna
33%
20% Tuvalu
33%
20% Guinea-Bissau
17%
16% São Tomé och Príncipe
17%
19% Tonga
17%
16% Saint Kitts och Nevis
0%
No matching quizzes found
Score Distribution
Percent of People with Each Score
Percentile by Number Answered
Your Score History
You have not taken this quiz